000 00281nam a2200121 a 4500
008 100922s1970|||| d
100 1 _aFüst, Milán
245 1 0 _aĽúbil som svoju ženu
260 _bEpocha
_aBratislava
_c1970
020 _c24
044 _axo
_cSK
041 _aslo
999 _c10613
_d10613